| 000 | 00544nam a2200169 a 4500 | ||
|---|---|---|---|
| 001 | 000027465 | ||
| 005 | 20200930030844.0 | ||
| 008 | 110331s1996 dr a 000 | spa d | ||
| 040 |
_aDO-SdBNP _bspa _cBNPHU |
||
| 082 |
_axxx _bM296m |
||
| 100 | 1 |
_aMañón del Río, Rafael _954539 |
|
| 245 | 1 | 0 |
_aMemorias de viajes / _cRafael Mañón del Río ; prefacio de Virgilio Hoepelman. |
| 260 |
_aSanto Domingo : _b[s.n.], _c1996. _fImpresora Util. |
||
| 300 |
_a143 p. : _bil. ; _c21 cm. |
||
| 700 | 1 |
_aHoepelman, Virgilio, _epref. _911257 |
|
| 049 | _aBNPD | ||
| 999 |
_c26957 _d26957 |
||